000 00256nam a22001217a 4500
008 180125b xxu||||| |||| 00| 0 eng d
041 _aeng
080 _a32
100 _a21
101 _apol
245 _agovt a student
_cedward.s
942 _2udc
_cBK
999 _c40961
_d40961